| 000 | 00835cam a22002777a 4500 | ||
|---|---|---|---|
| 003 | CHAP | ||
| 005 | 20220329135102.0 | ||
| 008 | 971013s1933 r 00010 d | ||
| 010 | _a30696 | ||
| 011 | _a31668 | ||
| 035 | _a35780 | ||
| 040 | _cCHAP | ||
| 090 | _aFolleto 4664 | ||
| 100 | 0 | 0 |
_aMarín, Luis. _971528 |
| 245 | 1 | 3 |
_aEl chile _b: la planta de hortaliza más importante en la República Mexicana |
| 260 |
_a(San Jacinto, D.F.) : _b(s.e.), _c(1933) |
||
| 300 | _a12 h | ||
| 590 |
_aBATCH-UPD _b10 _c20130110 _lUCH01 _h1604 |
||
| 590 |
_aBATCH-UPD _b10 _c20130410 _lUCH01 _h1000 |
||
| 590 |
_aBATCH-UPD _b10 _c20130914 _lUCH01 _h0922 |
||
| 590 |
_aCONVERSION _b10 _c20130109 _lUCH01 _h1317 |
||
| 650 | 1 | 4 |
_aChile (Botánica) _922341 |
| 901 | _aBK | ||
| 942 | _cFOLL | ||
| 949 |
_aFolleto 4664 _bBC _cFOLL _d-82694 _eTS1 _i35780 _mD _si |
||
| 999 |
_c30696 _d30696 |
||